[Event "Sao Paulo Pascoa op"]
[Site "Sao Paulo"]
[Date "2024.03.31"]
[Round "6"]
[White "Peres, Luiz Henrique Silva"]
[Black "Grillo, Carlos Henrique Gom"]
[Result "0-1"]
[WhiteElo "1800"]
[BlackElo "1970"]
[PlyCount "112"]
[EventDate "2024.03.29"]
[EventType "swiss"]
[EventRounds "6"]
[EventCountry "BRA"]
[SourceTitle "CB14_2024"]
[SourceDate "2024.04.01"]
[SourceVersion "1"]
[SourceVersionDate "2024.04.01"]
[SourceQuality "1"]

1. e4 c5 2. Nf3 d6 3. c3 Nf6 4. Be2 Nc6 5. d3 g6 6. 0-0 Bg7 7. h3 0-0 8. Re1 a6 9. Be3 b5 10. Nbd2 Bb7 11. Qc2 Rc8 12. Rad1 Qc7 13. Nf1 Rfd8 14. Ng3 Nd7 15. Qc1 b4 16. Bh6 Bh8 17. d4 bxc3 18. bxc3 cxd4 19. cxd4 Qa5 20. Qd2 Nf6 21. Qe3 Nb4 22. Bd3 Rc3 23. Re2 Qa3 24. Ne1 Rdc8 25. Nf5 R8c7 26. Nc2 Nxc2 27. Rxc2 Rxc2 28. Bxc2 Qxe3 29. Nxe3 Nxe4 30. Rb1 Nc3 31. Rb3 Bxd4 32. Bd3 f6 33. Nc2 Ba7 34. Ra3 Nb5 35. Ra4 Bc5 36. Rg4 Kf7 37. Ne3 e6 38. h4 f5 39. Rc4 e5 40. Rc2 d5 41. Nd1 e4 42. Bxb5 axb5 43. Be3 Bd6 44. Rb2 d4 45. Bd2 Ba6 46. Bb4 Be5 47. Rb1 Rc2 48. a3 Bc8 49. g3 Be6 50. Kf1 Bc4+ 51. Kg1 Ba2 52. Rb2 d3 53. Bc3 Bxc3 54. Rxb5 Rc1 55. Rb7+ Kf6 56. Rb6+ Ke5 0-1

[Event "BRA-ch Amateur U2000"]
[Site "Sao Paulo"]
[Date "2018.06.03"]
[Round "7"]
[White "Valente, Rodrigo de Deus"]
[Black "Grillo, Carlos Henrique Gom"]
[Result "0-1"]
[WhiteElo "1948"]
[BlackElo "1930"]
[PlyCount "58"]
[EventDate "2018.05.31"]
[EventType "swiss"]
[EventRounds "7"]
[EventCountry "BRA"]
[SourceTitle "EXT 2021"]
[Source "ChessBase"]
[SourceDate "2020.10.23"]
[SourceVersion "1"]
[SourceVersionDate "2020.10.23"]
[SourceQuality "1"]

1. d4 Nf6 2. c4 g6 3. Nc3 d5 4. cxd5 Nxd5 5. e4 Nxc3 6. bxc3 Bg7 7. Bc4 0-0 8. Ne2 e6 9. 0-0 b6 10. Qd3 Bb7 11. Ba3 Re8 12. f4 Nd7 13. Rad1 Nf6 14. Ng3 h5 15. f5 exf5 16. exf5 g5 17. Bc1 h4 18. Nh1 Be4 19. Qh3 Nh7 20. Qg4 Bf6 21. Rfe1 Bc2 22. Rxe8+ Qxe8 23. Rf1 b5 24. Be2 c6 25. Nf2 b4 26. Nh3 Qe7 27. Bf3 bxc3 28. Bxc6 Rd8 29. d5 Bd3 0-1

[Event "BRA-ch Amateur U2000"]
[Site "Sao Paulo"]
[Date "2016.05.28"]
[Round "5"]
[White "De Almeida, Guilherme Pereira"]
[Black "Grillo, Carlos Henrique Gom"]
[Result "1-0"]
[WhiteElo "1838"]
[BlackElo "1942"]
[PlyCount "123"]
[EventDate "2016.05.26"]
[EventType "swiss"]
[EventRounds "7"]
[EventCountry "BRA"]
[SourceTitle "EXT 2019"]
[Source "ChessBase"]
[SourceDate "2018.10.10"]
[SourceVersion "1"]
[SourceVersionDate "2018.10.10"]
[SourceQuality "1"]

1. Nf3 c5 2. g3 d5 3. Bg2 Nc6 4. 0-0 e6 5. d3 Nf6 6. Nbd2 Be7 7. e4 dxe4 8. dxe4 0-0 9. Re1 Qc7 10. c3 b6 11. Qc2 e5 12. Nf1 Bb7 13. Ne3 Na5 14. Nh4 g6 15. Nf1 Rfd8 16. Bg5 c4 17. Rad1 Rxd1 18. Qxd1 Rd8 19. Qc2 Qd6 20. Nf3 Bc6 21. N3d2 b5 22. b4 cxb3 23. axb3 Nb7 24. b4 a5 25. bxa5 Nxa5 26. Ra1 Nb7 27. c4 b4 28. Nb3 Qd3 29. Qxd3 Rxd3 30. Ra8+ Kg7 31. Na5 Nxa5 32. Rxa5 Bd8 33. Ra6 b3 34. Bxf6+ Kxf6 35. Rxc6+ Ke7 36. Rc5 Bb6 37. Rxe5+ Kd6 38. Rd5+ Rxd5 39. cxd5 Ba5 40. Ne3 Ke5 41. Nd1 Bb4 42. Kf1 Kd4 43. Ke2 f5 44. exf5 gxf5 45. Nb2 Ba3 46. Nd1 Bb4 47. Bh3 f4 48. Bf5 fxg3 49. hxg3 h6 50. Ne3 Bf8 51. Kd2 Bb4+ 52. Kc1 Be1 53. Ng4 h5 54. Kd1 Bb4 55. Ne3 Be7 56. Bb1 Kc3 57. Nf5 Bf6 58. d6 Kc4 59. Nh6 Kd5 60. d7 Ke6 61. Bf5+ Ke5 62. Bg6 1-0

[Event "BRA-ch Amateur U2000"]
[Site "Sao Paulo"]
[Date "2016.05.27"]
[Round "3"]
[White "Aparecido Silva, Haroldo"]
[Black "Grillo, Carlos Henrique Gom"]
[Result "1-0"]
[WhiteElo "1865"]
[BlackElo "1942"]
[PlyCount "133"]
[EventDate "2016.05.26"]
[EventType "swiss"]
[EventRounds "7"]
[EventCountry "BRA"]
[SourceTitle "EXT 2019"]
[Source "ChessBase"]
[SourceDate "2018.10.10"]
[SourceVersion "1"]
[SourceVersionDate "2018.10.10"]
[SourceQuality "1"]

1. Nf3 Nf6 2. g3 g6 3. Bg2 Bg7 4. 0-0 d6 5. d3 0-0 6. c4 e5 7. Nc3 Nc6 8. Rb1 Bg4 9. h3 Bd7 10. b4 Ne7 11. Kh2 c6 12. c5 Qc7 13. cxd6 Qxd6 14. Ne4 Nxe4 15. dxe4 Qxd1 16. Rxd1 Be6 17. a3 Rfd8 18. Be3 Rxd1 19. Rxd1 f6 20. h4 Bf8 21. Bh3 Kf7 22. g4 a5 23. g5 Bxh3 24. Kxh3 axb4 25. axb4 Ra4 26. gxf6 Kxf6 27. Rd6+ Kf7 28. Nxe5+ Ke8 29. Bb6 Ra8 30. f4 Bg7 31. Re6 Bxe5 32. Rxe5 Kd7 33. h5 Rg8 34. Bc5 Nc8 35. Rg5 b6 36. Bd4 Nd6 37. e5 Ne4 38. e6+ Ke7 39. Re5 Nf6 40. hxg6 hxg6 41. Bxb6 Nd5 42. Bc5+ Kf6 43. Kg3 Re8 44. e7 g5 45. Rxg5 Nxe7 46. Bxe7+ Rxe7 47. Kf3 Rb7 48. Rc5 Rxb4 49. Rxc6+ Ke7 50. e4 Rb1 51. Kg4 Rb5 52. e5 Kf7 53. Kf5 Rb7 54. Kg5 Re7 55. Rf6+ Kg7 56. Kf5 Ra7 57. Rd6 Kf7 58. Ke4 Ra4+ 59. Rd4 Ra5 60. f5 Ke7 61. f6+ Ke6 62. Rd6+ Kf7 63. Kf5 Rb5 64. Rd7+ Ke8 65. Re7+ Kf8 66. Rc7 Ra5 67. Kg6 1-0

[Event "Osasco op"]
[Site "Osasco"]
[Date "2012.04.21"]
[Round "4"]
[White "Grillo, Carlos Henrique Gom"]
[Black "Cerqueira, Janderson Laurenco"]
[Result "1-0"]
[WhiteElo "1941"]
[BlackElo "1680"]
[PlyCount "47"]
[EventDate "2012.04.20"]
[EventType "swiss"]
[EventRounds "6"]
[EventCountry "BRA"]
[SourceTitle "CBM 148 Extra"]
[Source "ChessBase"]
[SourceDate "2012.06.22"]
[SourceVersion "1"]
[SourceVersionDate "2012.06.22"]
[SourceQuality "1"]

1. d4 d5 2. Nf3 Nf6 3. Bf4 e6 4. e3 c5 5. c3 c4 6. b3 b5 7. a4 bxa4 8. bxc4 Bd7 9. Ne5 Be7 10. Be2 0-0 11. Nxd7 Nbxd7 12. c5 Rc8 13. Ba6 Rc6 14. Bb7 Rxc5 15. dxc5 Nxc5 16. Bc6 Bd6 17. Bxd6 Qxd6 18. Bb5 a6 19. Bxa4 Nce4 20. Bc2 Rc8 21. Bxe4 Nxe4 22. 0-0 Nxc3 23. Nxc3 Rxc3 24. Rc1 1-0

[Event "Sao Bernardo LXSBC 2nd"]
[Site "Sao Bernardo do Campo"]
[Date "2007.11.08"]
[Round "10"]
[White "Grillo, Carlos Henrique Gom"]
[Black "Batista, Renato Luiz"]
[Result "0-1"]
[WhiteElo "1970"]
[BlackElo "2127"]
[PlyCount "119"]
[EventDate "2007.11.01"]
[EventType "tourn"]
[EventRounds "11"]
[EventCountry "BRA"]
[SourceTitle "EXT 2022"]
[Source "ChessBase"]
[SourceDate "2021.10.06"]
[SourceVersion "1"]
[SourceVersionDate "2021.10.06"]
[SourceQuality "1"]

1. d4 Nf6 2. c4 g6 3. Nc3 Bg7 4. e4 d6 5. Bd3 0-0 6. f3 Nbd7 7. Be3 e5 8. d5 Nh5 9. Nge2 f5 10. Qd2 f4 11. Bf2 a6 12. b4 a5 13. b5 Qe7 14. Na4 Nc5 15. Nxc5 dxc5 16. Nc3 b6 17. a4 Bd7 18. 0-0-0 Rf7 19. Be2 Qd6 20. Kc2 Kf8 21. Na2 Ke8 22. Nc1 Kd8 23. Nd3 Kc8 24. Rdg1 Kb7 25. Qc3 Re8 26. Qa3 Bf8 27. Qa1 Qf6 28. Qe1 Bd6 29. Qd2 Qg7 30. Be1 g5 31. Nf2 Nf6 32. Qd1 h5 33. h3 Rg8 34. Bc3 Qg6 35. Nd3 Re7 36. g3 fxg3 37. Rxg3 h4 38. Rg2 Nh5 39. Be1 Qf6 40. Bxh4 Nf4 41. Nxf4 exf4 42. Bf2 Rh8 43. Rgh2 Reh7 44. Bf1 Be7 45. Be1 Bd6 46. Bc3 Be5 47. Qa1 Bd4 48. Kd3 Qd6 49. Qb2 Rh5 50. Bxd4 cxd4 51. Qc2 Qa3+ 52. Ke2 Qe3+ 53. Kd1 Rh4 54. Qd3 g4 55. Qxe3 dxe3 56. fxg4 Bxg4+ 57. Ke1 f3 58. Bd3 f2+ 59. Rxf2 exf2+ 60. Kxf2 0-1

[Event "Sao Bernardo LXSBC 2nd"]
[Site "Sao Bernardo do Campo"]
[Date "2007.11.06"]
[Round "8"]
[White "Rodrigo da Silva, Edson"]
[Black "Grillo, Carlos Henrique Gom"]
[Result "0-1"]
[WhiteElo "1962"]
[BlackElo "1970"]
[PlyCount "62"]
[EventDate "2007.11.01"]
[EventType "tourn"]
[EventRounds "11"]
[EventCountry "BRA"]
[SourceTitle "EXT 2022"]
[Source "ChessBase"]
[SourceDate "2021.10.06"]
[SourceVersion "1"]
[SourceVersionDate "2021.10.06"]
[SourceQuality "1"]

1. d4 Nf6 2. c4 g6 3. Nc3 d5 4. cxd5 Nxd5 5. e4 Nxc3 6. bxc3 Bg7 7. Nf3 0-0 8. Rb1 c5 9. Be2 Nc6 10. d5 Ne5 11. Nxe5 Bxe5 12. Qc2 Qc7 13. h4 h5 14. Bh6 Rd8 15. g4 Kh7 16. Bd2 Bxg4 17. Bxg4 hxg4 18. h5 Kg7 19. hxg6 fxg6 20. Bh6+ Kf7 21. Qb3 Qb6 22. Qc2 Qf6 23. Bd2 Rh8 24. Rf1 b6 25. Kd1 Qf3+ 26. Kc1 Rh2 27. Kb2 Kg7 28. Bg5 Bf6 29. Bxf6+ Qxf6 30. Rbe1 Rf8 31. Re2 Qf3 0-1

[Event "Sao Bernardo LXSBC 2nd"]
[Site "Sao Bernardo do Campo"]
[Date "2007.11.02"]
[Round "1"]
[White "Grillo, Carlos Henrique Gom"]
[Black "Aragao Neto, Joao Batista"]
[Result "1-0"]
[WhiteElo "1970"]
[BlackElo "2028"]
[PlyCount "60"]
[EventDate "2007.11.01"]
[EventType "tourn"]
[EventRounds "11"]
[EventCountry "BRA"]
[SourceTitle "EXT 2022"]
[Source "ChessBase"]
[SourceDate "2021.10.06"]
[SourceVersion "1"]
[SourceVersionDate "2021.10.06"]
[SourceQuality "1"]

1. d4 Nf6 2. Nf3 g6 3. Bf4 Bg7 4. c3 d6 5. h3 0-0 6. Nbd2 Nc6 7. e3 Nd7 8. Be2 e5 9. dxe5 Ndxe5 10. 0-0 h6 11. Nd4 Bd7 12. b4 g5 13. Bh2 Ne7 14. Rc1 N7g6 15. f4 gxf4 16. exf4 Nc6 17. N2b3 Nxd4 18. Nxd4 c5 19. Nb3 cxb4 20. cxb4 Qb6+ 21. Kh1 Nh4 22. Bg3 Nf5 23. Bf2 Qxb4 24. Rc4 Qa3 25. Rc7 Rad8 26. Rxb7 Rfe8 27. Qd2 Bc8 28. Rc7 Ba6 29. Re1 Bc8 30. Bh5 Be6 1-0

[Event "Sao Paulo Paulista-ch"]
[Site "Sao Paulo"]
[Date "2007.06.30"]
[Round "4"]
[White "Grillo, Carlos Henrique Gom"]
[Black "Sega, Carlos Alberto"]
[Result "1/2-1/2"]
[WhiteElo "1987"]
[BlackElo "2258"]
[PlyCount "42"]
[EventDate "2007.06.28"]
[EventType "swiss"]
[EventRounds "7"]
[EventCountry "BRA"]
[SourceTitle "CBM 119 Extra"]
[Source "ChessBase"]
[SourceDate "2007.09.04"]
[SourceVersion "1"]
[SourceVersionDate "2007.09.04"]
[SourceQuality "1"]

1. e4 e5 2. Nf3 Nf6 3. Nc3 Nc6 4. Be2 Be7 5. 0-0 0-0 6. d4 d6 7. d5 Nb8 8. Nd2 c6 9. dxc6 Nxc6 10. Nc4 Nxe4 11. Nxe4 d5 12. Nc3 dxc4 13. Bxc4 Qxd1 14. Nxd1 Bf5 15. Ne3 Bg6 16. c3 Rac8 17. Nd5 Bc5 18. Be3 Bxe3 19. Nxe3 Rfd8 20. Rad1 Bh5 21. f3 Kf8 1/2-1/2

[Event "Sao Paulo Paulista-ch"]
[Site "Sao Paulo"]
[Date "2007.06.29"]
[Round "2"]
[White "Grillo, Carlos Henrique Gom"]
[Black "Limberg, Estacio Vermelho"]
[Result "0-1"]
[WhiteElo "1987"]
[BlackElo "2255"]
[PlyCount "72"]
[EventDate "2007.06.28"]
[EventType "swiss"]
[EventRounds "7"]
[EventCountry "BRA"]
[SourceTitle "CBM 119 Extra"]
[Source "ChessBase"]
[SourceDate "2007.09.04"]
[SourceVersion "1"]
[SourceVersionDate "2007.09.04"]
[SourceQuality "1"]

1. d4 Nf6 2. Nf3 e6 3. Bf4 b6 4. Nbd2 Bb7 5. e3 Be7 6. h3 d6 7. Be2 0-0 8. Rc1 c5 9. c3 Nbd7 10. 0-0 Qc7 11. Nc4 Nd5 12. Bh2 f5 13. dxc5 bxc5 14. Ncd2 e5 15. c4 N5b6 16. Nb1 Nf6 17. Nc3 a6 18. Qd2 Rab8 19. b3 Bc6 20. Rfd1 Qb7 21. Ne1 g5 22. e4 Nxe4 23. Nxe4 Bxe4 24. Bf3 Rf7 25. Bxe4 Qxe4 26. Rc3 f4 27. Kh1 h5 28. f3 Qf5 29. Nd3 g4 30. fxg4 hxg4 31. hxg4 Qxg4 32. Nf2 Qf5 33. Qe2 Rh7 34. Nh3 Nd7 35. Rf1 Nf6 36. g3 Qxh3 0-1